Prueba de Islas Malvinas. - Estadísticas

Estadísticas generales
  • Esta prueba ha sido intentada 41 veces
  • La puntuación promedio es 3 de 8
Estadísticas de respuestas
Preguntas. Respuestas. % Correcto
Idioma oficial. Inglés
94%
Continente ubicado. Sudamérica | América del Sur
81%
Capital. Stanley | Puerto Argentino
56%
En Reino Unido se le llama.......... Falkland Island
34%
Están en...... Disputa
6%
Líder. No tiene
6%
Cantidad de islas. 776
3%
Mayor exportación. Molusco
0%
No se encontraron pruebas coincidentes
Distribución de puntuación
Porcentaje de gente con cada puntuación
Porcentaje por número respondido
Historial de tus puntuaciones
No has intentado esta prueba.